[Event "Semana Santa LAB Open"]
[Site "Bogota COL"]
[Date "2012.04.07"]
[Round "7"]
[White "Zuluaga,C"]
[Black "Guerrero,JuC"]
[Result "0-1"]
[WhiteElo "2372"]
[BlackElo "2250"]

1.d4 Nf6 2.c4 c5 3.d5 e6 4.Nc3 exd5 5.cxd5 d6 6.Nf3 g6 7.Bf4 a6 8.h3 Bg7
9.a4 O-O 10.e3 Re8 11.Be2 Nbd7 12.O-O Qc7 13.Nd2 Nb6 14.Qb3 Bd7 15.a5 Nc8
16.Nc4 Ne4 17.Nxe4 Rxe4 18.Bd3 Re8 19.Rfe1 Bb5 20.e4 Bxc4 21.Bxc4 Na7 22.Bd2 Qd7
23.Bc3 Nb5 24.Bxg7 Kxg7 25.Bxb5 axb5 26.Qc3+ Kg8 27.b4 c4 28.Qd4 f5 29.Ra3 Rxe4
30.Rxe4 fxe4 31.Re3 Re8 32.Rxe4 Rxe4 33.Qxe4 Qc7 34.Qe6+ Kg7 35.g4 c3 36.g5 h5
37.gxh6+ Kh7 38.Qe3 c2 39.Qc1 Qc4 40.Kh2 Qe2 41.Kg2 Qd1 42.Qg5 c1=Q 43.Qe7+ Kxh6
44.Qf8+ Kh5 45.Qh8+ Qh6  0-1

[Event "Sydney International Open"]
[Site "Parramatta AUS"]
[Date "2012.04.13"]
[Round "6.7"]
[White "Liu,Yi"]
[Black "Karthikeyan,P2"]
[Result "0-1"]
[WhiteElo "2116"]
[BlackElo "2414"]

1.d4 Nf6 2.c4 c5 3.d5 e6 4.Nc3 exd5 5.cxd5 d6 6.Nf3 g6 7.h3 Bg7 8.e4 a6 9.a4 Nbd7
10.Bd3 Nh5 11.g4 Nhf6 12.Bf4 Qe7 13.Nd2 Ne5 14.Bxe5 Qxe5 15.Nc4 Qe7 16.f4 Nd7
17.Qf3 O-O 18.O-O Rb8 19.Rfe1 Bd4+ 20.Kg2 b6 21.Re2 Bb7 22.g5 f6 23.h4 fxg5
24.hxg5 Ne5 25.Nxe5 Bxe5 26.f5 Qxg5+ 27.Kf1 Rbe8 28.Rg2 Qf6 29.Ke2 Bxc3 30.bxc3 Qxc3
31.Rh1 c4  0-1

[Event "IV ch-IberoAmerican GpC"]
[Site "Quito ECU"]
[Date "2012.04.15"]
[Round "2.2"]
[White "Bravo,Will"]
[Black "Infante,M"]
[Result "0-1"]
[WhiteElo "2251"]
[BlackElo "2314"]

1.d4 Nf6 2.c4 e6 3.Nf3 c5 4.d5 exd5 5.cxd5 d6 6.Nc3 g6 7.Bf4 a6 8.e4 Bg7
9.Qa4+ Bd7 10.Qb3 Bc8 11.a4 O-O 12.Be2 Qe7 13.Nd2 Nbd7 14.O-O Rb8 15.h3 Ne8
16.Rfe1 Nc7 17.Nc4 Ne5 18.Nb6 f5 19.Nxc8 Rfxc8 20.exf5 gxf5 21.a5 Qf7 22.Qb6 Qg6
23.Bh2 Na8 24.Qb3 b5 25.f4 Nf7 26.Bf3 Nc7 27.Re6 c4 28.Rxg6 cxb3 29.Rxg7+ Kxg7
30.Kf1 b4 31.Ne2 Nb5 32.Bg1 Rc4 33.Rd1 Rbc8 34.Nd4 Nxd4 35.Bxd4+ Kg6 36.g4 Rc1
37.Be3 Rxd1+ 38.Bxd1 Rb8 39.Be2 Ra8 40.Bd3 Nh6 41.Bb6 Rc8 42.Ke2 Rc2+ 43.Kd1 Rxb2
44.Bxa6 Kf7 45.Bd3 fxg4 46.hxg4 Nxg4 47.Kc1 Ra2 48.Bxh7 Nf6 49.Bd3 Nxd5 50.Bc4 Rc2+  0-1

[Event "TCh-SUI National A 2012"]
[Site "Switzerland SUI"]
[Date "2012.04.15"]
[Round "2.2"]
[White "Schiendorfer,E"]
[Black "Gallagher,Jo"]
[Result "1/2-1/2"]
[WhiteElo "2349"]
[BlackElo "2502"]

1.d4 Nf6 2.c4 e6 3.Nf3 c5 4.d5 exd5 5.cxd5 d6 6.Nc3 g6 7.Bf4 a6 8.a4 Bg7
9.h3 O-O 10.e3 Re8 11.Nd2 Nbd7 12.Be2 Ne5 13.O-O Nfd7 14.Bh2 f5 15.Qc2 b6
16.Rae1 Nf6 17.f4 Nf7 18.Bd3 Ra7 19.Re2 Rae7 20.Rfe1 Bb7 21.Bc4 Qa8 22.Qd3 Rf8
23.e4 fxe4 24.Ndxe4 Nxe4 25.Rxe4 Rxe4 26.Qxe4 Bc8 27.Qe7 b5 28.axb5 Bd4+
29.Kh1 Bxc3 30.bxc3 axb5 31.Bxb5 Qxd5 32.c4 Qa8 33.Kg1 Bb7 34.Qe2 Bc6 35.Bxc6 Qxc6
36.Qe6 Qc8 37.f5 gxf5 38.Qf6 Re8 39.Rxe8+ Qxe8 40.Bxd6 Qc6 41.Be5 Qxf6 42.Bxf6 Nd6
43.Bg5 Kf7 44.Be3 Nxc4  1/2-1/2

[Event "TCh-CZE Extraliga 2011-12"]
[Site "Czech Republic CZE"]
[Date "2012.04.21"]
[Round "10.2"]
[White "Kempinski,R"]
[Black "Kanovsky,D"]
[Result "1-0"]
[WhiteElo "2604"]
[BlackElo "2462"]

1.d4 Nf6 2.c4 c5 3.d5 e6 4.Nc3 exd5 5.cxd5 d6 6.Nf3 g6 7.Bg5 Bg7 8.Nd2 h6
9.Bh4 g5 10.Bg3 Nh5 11.Qa4+ Kf8 12.Qc2 Nxg3 13.hxg3 Nd7 14.e3 Qe7 15.Bd3 Ne5
16.Bf5 Bxf5 17.Qxf5 Qf6 18.Qxf6 Bxf6 19.Nce4 Ke7 20.Nxf6 Kxf6 21.Ke2 Kg6
22.f4 Ng4 23.e4 Rhe8 24.Kf3 f5 25.Rae1 b5 26.exf5+ Kxf5 27.Ne4 Rxe4 28.Rxe4 Nf6
29.g4+ Nxg4 30.fxg5 h5 31.Re7 Ne5+ 32.Kg3 Kxg5 33.Rh7 Kf5 34.Rh4 Rg8+ 35.Kh3 Rg5
36.R7xh5 Rxh5 37.g4+ Kg6 38.gxh5+ Kh6 39.Re4 Nd3 40.Kh4 c4 41.Re6+ Kh7 42.Rxd6  1-0

[Event "ch-SRB 2012"]
[Site "Vrnjacka Banja SRB"]
[Date "2012.04.24"]
[Round "2"]
[White "Sedlak,N"]
[Black "Indjic,A"]
[Result "0-1"]
[WhiteElo "2593"]
[BlackElo "2430"]

1.d4 Nf6 2.c4 c5 3.d5 e6 4.Nc3 exd5 5.cxd5 d6 6.Nf3 g6 7.g3 Bg7 8.Bg2 O-O
9.O-O Re8 10.Bf4 Ne4 11.Nxe4 Rxe4 12.Nd2 Rxf4 13.gxf4 Bxb2 14.Rb1 Bg7 15.Ne4 Na6
16.Ng3 Nc7 17.e4 Qh4 18.e5 Qxf4 19.exd6 Ne8 20.d7 Bxd7 21.Rxb7 Bc8 22.Re7 Nd6
23.Qc1 Qd4 24.Ne4 Bf8 25.Nxd6 Bxe7 26.Nb5 Qg4 27.h3 Qd7 28.d6 Bb7 29.dxe7 Bxg2
30.Kxg2 Qxb5 31.Re1 Re8 32.Qe3 Qc6+ 33.Qe4 Qxe4+ 34.Rxe4 f6 35.Rc4 Rxe7 36.Rxc5 Kf7
37.Ra5 Ke6 38.Kf3 Rc7 39.h4 Kf7 40.Ra6 Kg7 41.Kg3 f5 42.h5 Kh6 43.hxg6 hxg6
44.Kh4 Rc3 45.f4 Rf3 46.Ra4 Rxf4+ 47.Rxf4 g5+ 48.Kg3 gxf4+ 49.Kxf4 Kg6 50.a4 a5
51.Ke3 Kf6 52.Kf3 Ke5 53.Ke3 Kd5  0-1

[Event "Nakhchivan Open 2012"]
[Site "Nakhchivan AZE"]
[Date "2012.04.29"]
[Round "2.9"]
[White "Aleksandrov,A"]
[Black "Idrisov,T"]
[Result "1-0"]
[WhiteElo "2604"]
[BlackElo "2262"]

1.d4 Nf6 2.c4 e6 3.Nc3 c5 4.d5 exd5 5.cxd5 d6 6.Nf3 Nbd7 7.e4 g6 8.Bf4 Nh5
9.Bg5 Be7 10.Bh6 Bf8 11.Be3 a6 12.a4 Bg7 13.Be2 O-O 14.O-O Re8 15.Nd2 Nhf6
16.Re1 Rb8 17.Qc2 b6 18.h3 Bb7 19.Bf1 h6 20.f4 Qc7 21.Bc4 Nh7 22.Qd3 Qc8
23.Nf3 Ra8 24.Rad1 Qb8 25.Rd2 Nhf8 26.Rde2 Bc8 27.Bd2 Ra7 28.b3 Nh7 29.e5 dxe5
30.d6 Ndf8 31.Nxe5 Bf5 32.d7 Rd8 33.Bxf7+ Kh8 34.Qc4 Bxe5 35.fxe5 Raxd7 36.Bd5 b5
37.axb5 axb5 38.Qxc5 Rc7 39.Qb4 Ne6 40.Bxh6 Qb6+ 41.Be3 Qb8 42.g4 Bd3 43.Rd2 Nhg5
44.Bxg5 Nxg5 45.Rxd3 Qb6+ 46.Kg2  1-0

[Event "MMM Open 2012"]
[Site "Krakow POL"]
[Date "2012.04.30"]
[Round "2.4"]
[White "Zaboklicki,Z"]
[Black "Mikrut,D"]
[Result "0-1"]
[WhiteElo "1837"]
[BlackElo "2359"]

1.d4 Nf6 2.Nf3 c5 3.d5 e6 4.c4 exd5 5.cxd5 d6 6.Nc3 g6 7.e4 Bg7 8.Bd3 O-O
9.O-O Re8 10.Re1 a6 11.a4 Nbd7 12.Bf4 Qc7 13.h3 Nh5 14.Bh2 Ne5 15.Nxe5 Bxe5
16.Bxe5 Rxe5 17.Qd2 Re8 18.g4 Nf6 19.Qf4 Qe7 20.Re3 Nd7 21.Rae1 Ne5 22.Qg3 g5
23.f4 gxf4 24.Qxf4 Ng6 25.Qg3 Qe5 26.Qxe5 Nxe5 27.Bf1 Bd7 28.b3 Kf8 29.Rb1 Rac8
30.Bc4 Ke7 31.a5 h5 32.gxh5 Rg8+ 33.Kh2 Rg5 34.Rg1 Rxh5 35.Be2 Rh4 36.Nd1 Re8
37.Nf2 Kd8 38.Reg3 Rf4 39.R1g2 Kc7 40.Rc3 Bb5 41.Bxb5 axb5 42.Kg3 Rf6 43.Re3 Ra8
44.Ng4 Nxg4 45.hxg4 Rxa5 46.g5 Rg6 47.Kh4 f6 48.Rf3 Rxg5 49.Rxg5 fxg5+ 50.Kxg5 c4
51.Kf6 Ra3 52.Ke6 Rxb3 53.Rf7+ Kb6 54.Kxd6 Re3 55.e5 c3 56.e6 b4 57.Rf4 Kb5
58.Rf7 b6  0-1

[Event "Ostravsky Konik A"]
[Site "Ostrava CZE"]
[Date "2012.05.01"]
[Round "4.2"]
[White "Kociscak,J"]
[Black "Simacek,P"]
[Result "1/2-1/2"]
[WhiteElo "2340"]
[BlackElo "2447"]

1.d4 Nf6 2.c4 c5 3.d5 e6 4.Nc3 exd5 5.cxd5 d6 6.Nf3 g6 7.Nd2 Bg7 8.e4 O-O
9.Be2 Re8 10.O-O Nbd7 11.Re1 g5 12.Nc4 Nxe4 13.Nxe4 Rxe4 14.Nxd6 Rd4 15.Qc2 Nb6
16.Nxf7 Qxd5 17.Nxg5 Bf5 18.Qb3 c4 19.Qf3 h6 20.Qxd5+ Rxd5 21.Nf3 Rc8 22.Nh4 Re8
23.Be3 Bd3 24.Bxd3 Rxd3 25.Rab1 Nd5 26.Nf5 Nxe3 27.Nxg7 Kxg7 28.Rxe3 Rexe3
29.fxe3 Rd2 30.Rc1 b5 31.b3 Rxa2 32.bxc4 b4 33.c5 b3 34.Rb1 b2 35.Kf2 Kf7
36.g4 a5 37.c6 Ke7 38.h4 Ra4 39.Rxb2 Rxg4 40.Rb5 Rxh4  1/2-1/2

[Event "ch-SRB 2012"]
[Site "Vrnjacka Banja SRB"]
[Date "2012.05.05"]
[Round "13"]
[White "Sedlak,N"]
[Black "Markus,Rob"]
[Result "1/2-1/2"]
[WhiteElo "2593"]
[BlackElo "2625"]

1.d4 Nf6 2.c4 c5 3.d5 e6 4.Nc3 exd5 5.cxd5 d6 6.Nf3 g6 7.e4 Bg7 8.h3 O-O
9.Bd3 b5 10.Bxb5 Nxe4 11.Nxe4 Qa5+ 12.Nfd2 Qxb5 13.Nxd6 Qa6  1/2-1/2

[Event "42nd Bosna Open B"]
[Site "Sarajevo BIH"]
[Date "2012.05.06"]
[Round "3.14"]
[White "Colpa,H"]
[Black "Bucan,E"]
[Result "1-0"]
[WhiteElo "1944"]
[BlackElo "2183"]

1.Nf3 Nf6 2.d4 c5 3.d5 e6 4.c4 exd5 5.cxd5 d6 6.Nc3 g6 7.e4 Bg7 8.Bg5 O-O
9.Be2 Re8 10.O-O Qb6 11.Qc2 Nbd7 12.Rfe1 Ng4 13.Bf1 Nde5 14.Na4 Qa5 15.Bd2 Qd8
16.Bf4 Nxf3+ 17.gxf3 Ne5 18.Bg2 b5 19.Nc3 b4 20.Ne2 Ba6 21.Rad1 Qh4 22.Bg3 Qh5
23.Bxe5 Bxe5 24.Ng3 Qg5 25.Kh1 h5 26.Rg1 h4 27.Bf1 Qf6 28.Nf5 Bxf1 29.Rdxf1 Kf8
30.f4 Bxf4 31.Rg4 Qe5 32.Nxh4 Ke7 33.Ng2 Bh6 34.f4 Qd4 35.Rd1 Qf6 36.e5 Qf5
37.Qxf5 gxf5 38.Rh4 Bg7 39.Ne3 dxe5 40.Nxf5+ Kf6 41.Nd6 Re7 42.Ne4+ Kf5 43.Ng3+ Kg6
44.Rg1 Bf8 45.Nh5+ Kf5 46.Rg5+ Ke4 47.Nf6+ Kd3 48.fxe5 Kc2 49.Rg2+ Kd3 50.Rg3+ Kc2
51.Re4 Bh6 52.Re2+ Kd1 53.Rgg2 Rd8 54.b3 Bc1 55.a4 bxa3 56.Ne4 Bd2 57.Rxd2+ Kc1
58.Rg1+  1-0

[Event "85th ch-St Petersburg"]
[Site "St Petersburg RUS"]
[Date "2012.05.09"]
[Round "5"]
[White "Usmanov,V"]
[Black "Rozum,I"]
[Result "0-1"]
[WhiteElo "2358"]
[BlackElo "2477"]

1.d4 Nf6 2.c4 e6 3.Nf3 c5 4.d5 exd5 5.cxd5 d6 6.Nc3 a6 7.a4 g6 8.Nd2 Nbd7
9.e4 Bg7 10.Be2 O-O 11.O-O Re8 12.f3 Ne5 13.f4 Neg4 14.Re1 c4 15.Nxc4 Nxe4
16.Nxe4 Rxe4 17.Rf1 Bd4+ 18.Kh1 Nxh2 19.g3 Qe7 20.Re1 Nf3 21.Ra2 Qd7 22.Kg2 Nh4+  0-1

[Event "14th Salou Open"]
[Site "Salou ESP"]
[Date "2012.05.11"]
[Round "9.4"]
[White "Aloma Vidal,R"]
[Black "Aroshidze,L"]
[Result "0-1"]
[WhiteElo "2402"]
[BlackElo "2582"]

1.d4 Nf6 2.c4 e6 3.Nf3 c5 4.d5 exd5 5.cxd5 d6 6.Nc3 g6 7.Bf4 a6 8.Nd2 b5
9.a4 b4 10.Nce4 Nh5 11.Bg5 f6 12.Be3 f5 13.g4 fxg4 14.h3 g3 15.fxg3 Nd7 16.Bg2 Ndf6
17.Nxf6+ Qxf6 18.Ne4 Qe5 19.Qd2 Bf5 20.Bf4 Nxf4 21.gxf4 Qe7 22.Nf2 Bg7 23.e4 O-O
24.O-O Bd7 25.e5 Bf5 26.Rae1 Rae8 27.Ne4 dxe5 28.d6 Qa7 29.Qd5+ Kh8 30.Qxc5 Qxc5+
31.Nxc5 exf4 32.Rxe8 Bd4+ 33.Kh1 Rxe8 34.Nxa6 Bxb2 35.a5 b3 36.Nc5 Ba3 37.Nxb3 Bxd6
38.a6 Bb8 39.Nd4 Bd3 40.Ra1 Bxa6 41.Bc6 Rd8 42.Rxa6 Rxd4 43.Ra8 Rb4 44.Bf3 Kg7
45.Ra2 Kf6 46.h4 Kf5 47.Kg2 Be5 48.Ra7 h5 49.Rf7+ Bf6 50.Rf8 Rb2+ 51.Kf1  0-1

[Event "ch-CZE 2012"]
[Site "Kouty nad Desnou CZE"]
[Date "2012.05.16"]
[Round "5"]
[White "Nguyen,Thai Dai Van"]
[Black "Sikora,J"]
[Result "1-0"]
[WhiteElo "1942"]
[BlackElo "2222"]

1.d4 Nf6 2.c4 c5 3.d5 e6 4.Nc3 exd5 5.cxd5 d6 6.Nf3 g6 7.Nd2 Bg7 8.e4 O-O
9.Be2 b6 10.O-O Ba6 11.Bxa6 Nxa6 12.Nc4 Nc7 13.Bf4 Nfe8 14.a4 Rb8 15.Re1 a6
16.e5 dxe5 17.Nxe5 Bxe5 18.Bxe5 Nd6 19.Qf3 Nce8 20.Ne4 f6 21.Bf4 Rb7 22.a5 Rd7
23.axb6 Qxb6 24.Bxd6 Rxd6 25.Nxd6 Nxd6 26.Qa3 Ra8 27.Re6 Kg7 28.Qc3 Rf8 29.b3 Nb5
30.Rxb6 Nxc3 31.d6 Ra8 32.Rb7+ Kg8 33.d7 Rd8 34.Rxa6 Kf7 35.Rc6 Nd5 36.Rxc5 Ke6
37.Rc8 Rxd7 38.Rxd7 Kxd7 39.Rc1 Nb4 40.Kf1 Kd6 41.Ke2 h5 42.Rc4 Na6 43.Ke3 Ke5
44.b4 Kd5 45.Kd3  1-0

[Event "ch-UZB Major 2012"]
[Site "Tashkent UZB"]
[Date "2012.05.17"]
[Round "1"]
[White "Khoroshev,N"]
[Black "Dzhumaev,M"]
[Result "1/2-1/2"]
[WhiteElo "2319"]
[BlackElo "2495"]

1.d4 Nf6 2.c4 c5 3.d5 e6 4.Nc3 exd5 5.cxd5 d6 6.Nf3 g6 7.Nd2 Nbd7 8.e4 Qe7
9.Be2 Bg7 10.O-O O-O 11.f4 Ne8 12.Bd3 Nc7 13.Re1 Bd4+ 14.Kh1 Nf6 15.f5 Re8
16.Rf1 gxf5 17.exf5 Bxc3 18.bxc3 Ncxd5 19.Qf3 Bd7 20.c4 Ne3 21.Qg3+ Nfg4
22.Bb2 h5 23.Rf4 Qg5 24.Ne4 Rxe4 25.Bxe4 Re8 26.h3 Rxe4 27.Rxe4 Nxf5 28.Qe1 Nge3
29.Rxe3 Nxe3 30.Qf2 Bc6 31.Kh2 Nxc4 32.Bf6 Qe3 33.Qh4 Qe4 34.Qg3+ Qg6 35.Rc1 Nd2
36.Bb2 Kh7 37.Re1 Qxg3+ 38.Kxg3 Kg6 39.Kh4 Ne4 40.g4 hxg4 41.Kxg4 Nf2+ 42.Kh4 Nd3
43.Rg1+ Kf5 44.Rg5+ Ke4 45.Bf6 d5 46.Kg3 Bd7 47.h4 d4 48.h5 Bf5 49.h6 Nf4
50.Be5 f6 51.Bxf6 d3 52.h7 Bxh7 53.Rxc5  1/2-1/2

[Event "e2e4 Amersham Open"]
[Site "Amersham ENG"]
[Date "2012.05.18"]
[Round "1"]
[White "Bennett,Dominic L"]
[Black "Arkell,K"]
[Result "0-1"]
[WhiteElo "2072"]
[BlackElo "2435"]

1.d4 Nf6 2.c4 e6 3.Nf3 c5 4.d5 exd5 5.cxd5 d6 6.Nc3 g6 7.e4 Bg7 8.h3 O-O
9.Bd3 Re8 10.Bg5 h6 11.Bh4 a6 12.a4 g5 13.Bg3 Nxe4 14.Nxe4 f5 15.Nd2 fxe4
16.Nxe4 Bf5 17.f3 c4 18.Bb1 Bxb2 19.Ra2 Bc3+ 20.Kf1 Bxe4 21.Bxe4 Nd7 22.h4 Be5
23.Bf2 g4 24.Bf5 g3 25.Be3 Nc5 26.Bg6 Qf6 27.Bxe8 Rxe8 28.Rh3 Nd3 29.Re2 Rf8
30.a5 Kh7 31.Rc2 Kh8 32.Qd2 Rc8 33.Bxh6 Qf7 34.h5 Qxd5 35.Rh4 Bf6 36.Rg4 Re8
37.Be3 Qxh5 38.Rcxc4 Qh1+ 39.Ke2 Ne5 40.Rce4 Qxg2+ 41.Kd1 Qf1+ 42.Qe1 g2
43.Bf2 Rc8 44.Bh4 Qxf3+ 45.Qe2 Qxe2+ 46.Kxe2 Nxg4 47.Rxg4 Bxh4 48.Rxh4+ Kg7  0-1

[Event "e2e4 Amersham Open"]
[Site "Amersham ENG"]
[Date "2012.05.18"]
[Round "1"]
[White "Hawkins,Jo"]
[Black "Lim,Z"]
[Result "1-0"]
[WhiteElo "2480"]
[BlackElo "2095"]

1.d4 Nf6 2.c4 e6 3.Nf3 c5 4.d5 exd5 5.cxd5 d6 6.Nc3 g6 7.Bf4 a6 8.a4 Bg7
9.h3 O-O 10.e3 Qe7 11.Be2 Nbd7 12.O-O Rb8 13.Re1 h6 14.Bf1 Nh5 15.Bh2 f5
16.Nd2 Ne5 17.Be2 Nf6 18.Qb3 g5 19.Bxe5 Qxe5 20.Nc4 Qe7 21.Qb6 Ne8 22.Bh5 Bxc3
23.bxc3 Nf6 24.Bd1 Nxd5 25.Qxd6 Qxd6 26.Nxd6 Rf6 27.Nxc8 Rxc8 28.c4 Nb4 29.Rb1 Rd8
30.a5 Rd2 31.Bf3 b5 32.axb6 Rxb6 33.e4 fxe4 34.Rxe4 Rbd6 35.Re5 Nd3 36.Re7 Rb2
37.Rd1 Rd4 38.Rc7 Kf8 39.Rxc5 Nxc5 40.Rxd4 Rb1+ 41.Kh2 a5 42.Rd5 Nb3 43.c5 a4
44.c6 Rc1 45.Rd8+ Ke7 46.Rd7+ Ke8 47.Bd5 Na5 48.Bf7+ Kf8 49.c7 Nb7 50.Bh5  1-0

[Event "ch-CZE 2012"]
[Site "Kouty nad Desnou CZE"]
[Date "2012.05.18"]
[Round "7"]
[White "Simek,P2"]
[Black "Kanovsky,D"]
[Result "0-1"]
[WhiteElo "2327"]
[BlackElo "2445"]

1.d4 Nf6 2.c4 c5 3.d5 e6 4.Nc3 exd5 5.cxd5 d6 6.Nf3 g6 7.Bg5 Bg7 8.Nd2 a6
9.a4 h6 10.Bh4 g5 11.Bg3 Nh5 12.e3 Nxg3 13.hxg3 Nd7 14.Nc4 Ne5 15.a5 Nxc4
16.Bxc4 Bd7 17.Qc2 O-O 18.O-O f5 19.Ra3 Qc7 20.Qd2 Rae8 21.Na4 Re4 22.Nb6 Be8
23.Bd3 Rb4 24.b3 Bb5 25.Bc4 Kh8 26.Qc2 Qf7 27.f4 gxf4 28.Rxf4 Bxc4 29.Rxc4 Re8
30.Ra4 Rxa4 31.Rxa4 Rxe3 32.Rf4 Bd4 33.Kf1 Qe8 34.Qf2 Rxb3  0-1

[Event "29th BSG Pinkster Open"]
[Site "Bussum NED"]
[Date "2012.05.26"]
[Round "3.12"]
[White "Lombaers,P"]
[Black "Hazenberg,F"]
[Result "1-0"]
[WhiteElo "2142"]
[BlackElo "2000"]

1.d4 Nf6 2.c4 e6 3.Nc3 c5 4.d5 exd5 5.cxd5 d6 6.Nf3 g6 7.Bf4 a6 8.a4 Bg7
9.h3 O-O 10.e3 Re8 11.Be2 Qc7 12.O-O Ne4 13.Nxe4 Rxe4 14.Nd2 Rxf4 15.exf4 Bxb2
16.Rb1 Bg7 17.Nc4 Nd7 18.Qb3 b5 19.axb5 axb5 20.Qxb5 Ba6 21.Qc6 Qxc6 22.dxc6 d5
23.cxd7 Bxc4 24.Bxc4 dxc4 25.Rfe1 Kf8 26.Re2 Bc3 27.Rb7 Rd8 28.Rc7 Kg7 29.Re8 Bf6
30.Rxd8 Bxd8 31.Rxc5  1-0

[Event "ch-UZB Major 2012"]
[Site "Tashkent UZB"]
[Date "2012.05.26"]
[Round "10"]
[White "Khoroshev,N"]
[Black "Khamrakulov,D"]
[Result "1/2-1/2"]
[WhiteElo "2319"]
[BlackElo "2457"]

1.d4 Nf6 2.c4 c5 3.d5 e6 4.Nc3 exd5 5.cxd5 d6 6.Nf3 g6 7.Nd2 Qe7 8.g3 Bg7
9.Bg2 O-O 10.O-O Nbd7 11.h3 b6 12.a4 a6 13.Nc4 Ne8 14.e4 Rb8 15.f4 Qd8 16.Kh2 Qc7  1/2-1/2

[Event "50th ch-IND Challengers 2012"]
[Site "Tirupati IND"]
[Date "2012.05.26"]
[Round "11.3"]
[White "Ghosh,D"]
[Black "Karthikeyan,P2"]
[Result "1-0"]
[WhiteElo "2418"]
[BlackElo "2421"]

1.d4 Nf6 2.c4 c5 3.d5 e6 4.Nc3 exd5 5.cxd5 d6 6.Nf3 g6 7.g3 Bg7 8.Bg2 O-O
9.O-O Re8 10.Bf4 a6 11.a4 b6 12.Re1 Nh5 13.Bg5 Qc7 14.Rc1 Nd7 15.e4 Qb8 16.Qd3 h6
17.Be3 Nf8 18.a5 bxa5 19.Nd2 Bd7 20.Qc2 Bb5 21.Ra1 a4 22.f4 Nd7 23.Nxa4 Bd4
24.Nc3 Bxe3+ 25.Rxe3 Qd8 26.Bf3 Ng7 27.Rae1 g5 28.Bg2 gxf4 29.gxf4 Qh4 30.Nxb5 axb5
31.Rf1 Ra4 32.Kh1 f5 33.Rg3 fxe4 34.Nxe4 Qe7 35.Nc3 Rb4 36.Bh3 Nf8 37.Rfg1 Rxf4
38.Qg2 Rf7 39.Be6  1-0

[Event "Albena Masters Open 2012"]
[Site "Albena BUL"]
[Date "2012.05.27"]
[Round "2.9"]
[White "Spassov,L"]
[Black "Nikolov,Mo"]
[Result "0-1"]
[WhiteElo "2353"]
[BlackElo "2553"]

1.d4 Nf6 2.c4 c5 3.d5 e6 4.Nc3 exd5 5.cxd5 d6 6.Nf3 g6 7.Bf4 a6 8.a4 Bg7
9.h3 O-O 10.e3 Qe7 11.Be2 Nbd7 12.Nd2 Ne5 13.O-O Rb8 14.Re1 Ne8 15.Bh2 f5
16.Bf1 Nc7 17.Nb3 Qd8 18.Kh1 Bd7 19.Na5 Ne8 20.Bxe5 Bxe5 21.Nc4 Bg7 22.a5 Bb5
23.Nb6 Nc7 24.Qd2 Rf7 25.Rac1 Qh4 26.Ne2 Qxf2  0-1

[Event "Vlado Andriusaicio Rapid A 2012"]
[Site "Vilnius LTU"]
[Date "2012.05.27"]
[Round "6"]
[White "Miknevicius,Laurynas"]
[Black "Kudzma,L"]
[Result "1-0"]
[WhiteElo "1835"]
[BlackElo "2152"]

1.d4 Nf6 2.c4 c5 3.d5 e6 4.Nc3 exd5 5.cxd5 d6 6.Nf3 g6 7.Nd2 Bg7 8.e4 O-O
9.Be2 Re8 10.O-O Nbd7 11.f4 a6 12.a4 b6 13.Ra3 Rb8 14.Re1 Qc7 15.Kh1 Nf8
16.h3 h6 17.Bf1 Nh5 18.Qf3 Qd7 19.Rb3 f5 20.Kh2 Nxf4 21.Nc4 Nh5 22.Nxb6 Qd8
23.a5 Be5+ 24.Kg1 Qh4 25.Bd2 Bd4+ 26.Kh2 Be5+ 27.Kg1 Bf4  1-0

[Event "Asian Junior Open 2012"]
[Site "Tashkent UZB"]
[Date "2012.05.31"]
[Round "2.3"]
[White "Saeed,I"]
[Black "Narayanan,Sri"]
[Result "0-1"]
[WhiteElo "2240"]
[BlackElo "2383"]

1.d4 Nf6 2.c4 c5 3.d5 e6 4.Nc3 exd5 5.cxd5 d6 6.Nf3 g6 7.h3 Bg7 8.e4 O-O
9.Bd3 a6 10.a4 Nh5 11.O-O Nd7 12.Re1 Re8 13.Be3 Rb8 14.Qd2 Qc7 15.Bc4 Ne5
16.Nxe5 Bxe5 17.g4 Nf6 18.Bh6 Bd7 19.f4 Bd4+ 20.Kh1 b5 21.axb5 axb5 22.Bd3 Qb7
23.Qg2 c4 24.Bb1 b4 25.Ne2 Bxb2 26.Ra2 c3  0-1

[Event "Albena Masters Open 2012"]
[Site "Albena BUL"]
[Date "2012.06.01"]
[Round "7.8"]
[White "Swapnil,SD"]
[Black "Nikolov,Mo"]
[Result "1/2-1/2"]
[WhiteElo "2445"]
[BlackElo "2553"]

1.d4 Nf6 2.c4 e6 3.Nf3 c5 4.d5 d6 5.Nc3 exd5 6.cxd5 g6 7.Bf4 a6 8.a4 Bg7
9.h3 O-O 10.e3 Re8 11.Be2 Ne4 12.Nxe4 Rxe4 13.Nd2 Rb4 14.O-O Nd7 15.Bxd6 Qf6
16.Bc7 Qxb2 17.Rb1 Qa2 18.Rxb4 cxb4 19.Bc4 Qb2 20.Ne4 Ne5 21.Bb3 Bf5 22.Nc5 Qc3
23.Qc1 b5 24.d6 Nd7 25.Nxd7 Bxd7 26.Qd1 bxa4 27.Bxa4 Bxa4 28.Qxa4 b3 29.Qe4 Rf8
30.Qb7 Qd3 31.Qf3 a5 32.Qd1 Qc3 33.Bb6 Qb4 34.Bc7 Qc3 35.Bb6 Qb4 36.Bc7  1/2-1/2

[Event "1st Euro 2012 Open"]
[Site "Lviv UKR"]
[Date "2012.06.01"]
[Round "8"]
[White "Pazderski,Z"]
[Black "Grinev,V"]
[Result "1-0"]
[WhiteElo "2185"]
[BlackElo "2395"]

1.d4 Nf6 2.c4 e6 3.Nf3 c5 4.d5 exd5 5.cxd5 d6 6.Nc3 g6 7.Bf4 Bg7 8.h3 O-O
9.e3 Qe7 10.Be2 Nbd7 11.O-O h6 12.Bh2 Ne8 13.Qc2 f5 14.Bd3 Nc7 15.Rad1 Rb8
16.e4 f4 17.e5 Nxe5 18.Nxe5 Bxe5 19.Bxg6 Qg5 20.Kh1 Kh8 21.f3 Ne8 22.Rfe1 Ng7
23.Bd3 Nf5 24.Bxf5 Bxf5 25.Ne4 Qh5 26.Qd2 Bd7 27.Nf2 c4 28.Re4 Qg5 29.Rxc4 Rg8
30.Nd3 Bb5 31.Bxf4 Qf6 32.Nxe5 Bxc4 33.Nxc4 Kh7 34.Qd3+ Rg6 35.Bxd6 Re8 36.Ne5 Rxe5
37.Bxe5 Qxe5 38.d6 Qxb2 39.Rg1 Qb6 40.d7 Qd8 41.Re1 Qg5 42.Rg1 Qd8 43.f4 Kg7
44.Re1 Qh4 45.Qd4+ Kh7 46.Re8 Rxg2 47.Kxg2 Qh5 48.Rh8+ Kg6 49.Qd6+ Kf7 50.Rf8+ Kg7
51.Qf6+  1-0

[Event "TCh-NOR Clubs 2012"]
[Site "Fagernes NOR"]
[Date "2012.06.08"]
[Round "1"]
[White "Haugli,P"]
[Black "Gronn,Eskil E"]
[Result "1-0"]
[WhiteElo "2305"]
[BlackElo "1950"]

1.d4 Nf6 2.c4 c5 3.d5 e6 4.Nc3 exd5 5.cxd5 d6 6.Nf3 g6 7.Bf4 Bg7 8.Qa4+ Bd7
9.Qb3 Qc7 10.e4 Ng4 11.h3 Ne5 12.Nxe5 dxe5 13.Bg5 a6 14.a4 h6 15.Bh4 g5 16.Bg3 h5
17.Be2 g4 18.hxg4 hxg4 19.Rxh8+ Bxh8 20.Nd1 Qa5+ 21.Kf1 b5 22.Ne3 bxa4 23.Qb7 Bb5
24.Qxa8 Bxe2+ 25.Kxe2 Qb5+ 26.Kd1 Qxb2 27.Nc2 a3 28.d6 a2 29.d7+ Kd8 30.Bh4+ f6
31.Qd5 Qb1+ 32.Kd2  1-0

[Event "19th Metropolitan IM"]
[Site "Los Angeles USA"]
[Date "2012.06.08"]
[Round "4"]
[White "Kudryavtsev,V"]
[Black "Amanov,Z"]
[Result "0-1"]
[WhiteElo "2142"]
[BlackElo "2401"]

1.d4 Nf6 2.c4 e6 3.Nf3 c5 4.d5 exd5 5.cxd5 d6 6.Nc3 g6 7.Bg5 h6 8.Bh4 a6
9.a4 Nbd7 10.e3 g5 11.Bg3 Nh5 12.Bd3 Nxg3 13.hxg3 Bg7 14.Qc2 Qa5 15.Ra3 Nb6
16.O-O Bxc3 17.bxc3 Nxd5 18.Bc4 Nf6 19.Rd1 Qc7 20.Qd3 Ke7 21.Ra2 Bg4 22.Rad2 Rad8
23.e4 Rhe8 24.Re1 Kf8 25.Nh2 Bh5 26.Re3 Bg6 27.f3 d5  0-1

[Event "19th Metropolitan IM"]
[Site "Los Angeles USA"]
[Date "2012.06.08"]
[Round "4"]
[White "Troff,Kayden W"]
[Black "Sevian,Samuel"]
[Result "0-1"]
[WhiteElo "2276"]
[BlackElo "2247"]

1.d4 Nf6 2.c4 c5 3.d5 e6 4.Nc3 exd5 5.cxd5 d6 6.Nf3 g6 7.Bf4 Bg7 8.Qa4+ Bd7
9.Qb3 Qc7 10.e4 O-O 11.Be2 Nh5 12.Be3 Bg4 13.h3 Bxf3 14.Bxf3 Nd7 15.O-O Nhf6
16.Nb5 Qb8 17.Bf4 Ne8 18.a4 Ne5 19.Bg4 c4 20.Qc2 a6 21.Bxe5 Bxe5 22.Na3 h5
23.Be2 b5 24.f4 Bg7 25.f5 Qb6+ 26.Kh1 Qd4 27.fxg6 Qxb2 28.gxf7+ Rxf7 29.Bxh5 Rxf1+
30.Rxf1 Qxc2 31.Bf7+ Kh7 32.Nxc2 bxa4 33.Rf4 Be5 34.Rf2 Nf6 35.Be6 Rb8 36.g4 Rb2
37.Kg2 Kg7 38.Bf5 Rb3 39.Rf3 c3 40.Kf1 Rb2 41.Rf2 Bg3 42.Re2 Bf4 43.Kf2 Bc1
44.e5 dxe5 45.Rxe5 a3 46.d6 a2 47.Ra5 Bf4 48.g5 Bxg5 49.Kf3 Nd5 50.Rxa6 Nb4
51.Nxb4 Rxb4 52.h4 Rf4+ 53.Kg3 Rxf5 54.Rxa2 Bf6 55.Ra7+ Kg6 56.Kg4 Rd5 57.d7 Rd4+
58.Kf3 Kf5 59.Ke3 Rc4 60.Ra1 Re4+ 61.Kf3 Rd4 62.Ra7 Ke6 63.Ra6+ Ke7 64.Rc6 Rxd7
65.h5 Rd5 66.h6 Rh5 67.h7 Kf7 68.Ke4 Rxh7 69.Kd3 Rh2 70.Kc4 Kg6 71.Rc5 Rh5
72.Rc8 Kf5 73.Kb3 Ke4 74.Rc6 Bd4 75.Kc4 Be5 76.Rc8 Rh2 77.Kb3 Rb2+ 78.Ka3 Kd3
79.Rd8+ Bd4 80.Rd7 Rb8 81.Rc7 c2 82.Ka2 Be3 83.Rd7+ Ke2 84.Rf7 Ra8+  0-1

[Event "4th Rheinland-Pfalz Open 2012"]
[Site "Altenkirchen GER"]
[Date "2012.06.10"]
[Round "7.6"]
[White "Hetey,L"]
[Black "Dgebuadze,A"]
[Result "1/2-1/2"]
[WhiteElo "2345"]
[BlackElo "2558"]

1.d4 Nf6 2.c4 e6 3.Nf3 c5 4.d5 exd5 5.cxd5 d6 6.Nc3 a6 7.a4 g6 8.Nd2 Nbd7
9.e4 Bg7 10.Be2 O-O 11.O-O Re8 12.Ra3 Rb8 13.a5 Qc7 14.Re1 Ne5 15.h3 c4 16.f4 Nd3
17.Bxd3 cxd3 18.Qf3 b5 19.axb6 Qxb6+ 20.Kh1 Qd4 21.Ra4 Rb4 22.Rxb4 Qxb4 23.Qxd3 Nd7
24.Qc4 Qc5 25.Qxc5 Nxc5 26.Re3 Bd4 27.Re2 Nd3 28.Nb3 Bxc3 29.bxc3 Bb7 30.c4 Rxe4  1/2-1/2

[Event "5th Mayors Cup 2012"]
[Site "Mumbai IND"]
[Date "2012.06.10"]
[Round "5.7"]
[White "Barbosa,O PHI"]
[Black "Praveen Kumar,C1"]
[Result "1-0"]
[WhiteElo "2550"]
[BlackElo "2342"]

1.d4 e6 2.c4 Nf6 3.Nc3 c5 4.d5 exd5 5.cxd5 d6 6.Nf3 g6 7.Bf4 Bg7 8.Qa4+ Bd7
9.Qb3 Qc7 10.e4 O-O 11.Be2 a6 12.a4 Bg4 13.O-O Re8 14.Qc2 Bxf3 15.Bxf3 Nbd7
16.Rfe1 Rab8 17.Be2 Ne5 18.h3 c4 19.Be3 b5 20.axb5 axb5 21.b4 Nfd7 22.Reb1 Nd3
23.Ra6 f5 24.Nxb5 Rxb5 25.Bxd3 Ne5 26.Bf1 fxe4 27.Qxe4 Qb8 28.Ra4 Qc8 29.Qc2 Qf5
30.Qa2 Reb8 31.Ra8 Bf8 32.Rxb8 Rxb8 33.b5 Qe4 34.b6 Qxd5 35.Rc1 Rc8 36.Qa7 Qb5
37.b7 Re8 38.f4 Nd3 39.Bxd3 cxd3 40.Rc8  1-0